000 00835nam a2200265Ia 4500
008 191130s2006##################000#0#eng##
020 _a9780198293354
022 _a2006284516
040 _aACL
_cACL
082 _a320.54 NOR
100 _aNorman, W. J
245 _aNegotiating nationalism : nation-building, federalism, and secession in the multinational state
_cWayne Norman
260 _aOxford
_bOxford University Press
_cc2006
300 _axxi, 250 p. ; 24 cm
500 _aIncludes bibliographical references
650 _aEthnic groups - Political activity
650 _aEthnic relations - Political aspects
650 _aFederal government
650 _aNationalism
650 _aNation-building
650 _aSecession
990 _a612eebb5ac10000c03599cb5a92425fb
991 _a177477
999 _c19821
_d19821